MARC

LEADER 00000nam0a2200000 4500
001 54279
005 20231101211458.0
010 |a 5833001005 
035 |a (RuTPU)RU\TPU\book\56894 
090 |a 54279 
100 |a 20030703d2002 m y0rusy50 ca 
101 0 |a rus  |a eng 
102 |a RU 
105 |a y j 000zy 
200 1 |a Настольная книга бизнесмена  |e Курс английского языка по коммерческой деятельности и формам деловой коммуникации  |f Н. А. Лукьянова 
205 |a 8-е изд. 
210 |a Москва  |c ГИС  |d 2002 
215 |a 576 с. 
512 1 |a The Businessman's Companion  |z eng 
606 1 |a Английский язык  |x Учебные руководства и пособия  |x Пособия по развитию речи, разговорники  |2 stltpush  |3 (RuTPU)RU\TPU\subj\29074  |9 52486 
610 1 |a устная речь 
610 1 |a деловое общение 
610 1 |a деловые коммуникации 
610 1 |a коммерческая деятельность 
610 1 |a телефонные переговоры 
610 1 |a деловые переговоры 
610 1 |a письма 
610 1 |a образцы 
610 1 |a телексы 
610 1 |a внешняя торговля 
610 1 |a внешнеторговые операции 
610 1 |a купля-продажа 
610 1 |a тексты 
610 1 |a импортные операции 
610 1 |a договоры 
686 |a Ш143.21-923.4  |v LBC/SL-A  |2 rubbk 
700 1 |a Лукьянова  |b Н. А.  |g Наталья Анатольевна 
801 1 |a RU  |b 63413507  |c 20030703  |g PSBO 
801 2 |a RU  |b 63413507  |c 20140226  |g PSBO 
942 |c BK